000 00579nam a22002057a 4500
003 koha_MIRAKIL
005 20231213100437.0
008 231213b |||||||| |||| 00| 0 ||| d
020 _b978-9-75071189-3
040 _aTR-IsEVY
_btur
_cTR-IsEVY
082 _a813.42 GEN/B
100 _aGenç, Göknil.
245 0 _aBöcek orkestrasının muhteşem turnesi
250 _a11. bs.
260 _bCan Çocuk Yayınları,
_c2017
300 _a93 s.
650 _aChildren's literature -- Fiction, Turkish.
650 _aÇocuk edebiyatı -- Roman, Türk.
942 _2ddc
_cBK
999 _c20016
_d20016